Health Care Systems Engineering HCSE, Florence, Italy, May 2017 /

This book presents statistical processes for health care delivery and covers new ideas, methods and technologies used to improve health care organizations. It gathers the proceedings of the Third International Conference on Health Care Systems Engineering (HCSE 2017), which took place in Florence, I...

Full description

Bibliographic Details
Corporate Author: SpringerLink (Online service)
Other Authors: Cappanera, Paola (Editor), Li, Jingshan (Editor), Matta, Andrea (Editor), Sahin, Evren (Editor), Vandaele, Nico J. (Editor), Visintin, Filippo (Editor)
Format: Electronic eBook
Language:English
Published: Cham : Springer International Publishing : Imprint: Springer, 2017.
Series:Springer Proceedings in Mathematics & Statistics, 210
Subjects:
Online Access:Full Text via HEAL-Link
LEADER 06180nam a22005535i 4500
001 978-3-319-66146-9
003 DE-He213
005 20180129023018.0
007 cr nn 008mamaa
008 180129s2017 gw | s |||| 0|eng d
020 |a 9783319661469  |9 978-3-319-66146-9 
024 7 |a 10.1007/978-3-319-66146-9  |2 doi 
040 |d GrThAP 
245 1 0 |a Health Care Systems Engineering  |h [electronic resource] :  |b HCSE, Florence, Italy, May 2017 /  |c edited by Paola Cappanera, Jingshan Li, Andrea Matta, Evren Sahin, Nico J. Vandaele, Filippo Visintin. 
264 1 |a Cham :  |b Springer International Publishing :  |b Imprint: Springer,  |c 2017. 
300 |a XVII, 300 p. 63 illus.  |b online resource. 
336 |a text  |b txt  |2 rdacontent 
337 |a computer  |b c  |2 rdamedia 
338 |a online resource  |b cr  |2 rdacarrier 
347 |a text file  |b PDF  |2 rda 
490 1 |a Springer Proceedings in Mathematics & Statistics,  |x 2194-1009 ;  |v 210 
505 0 |a 1 V. Nicoletta et al., A Cardinality-Constrained Robust Approach for the Ambulance Location and Dispatching Problem -- 2 K. Hwang et al., A choice model for estimating realized accessibility: case study for obstetrics care in Korea -- 3 M. Di Mascolo et al., A decision-making tool for the calculation of a robust planning for Home Service employees -- 4 S. Yalçındağ and A. Matta, A Decomposition Approach for the Home Health Care Problem with Time Windows -- 5 P. Landa et al., A Hybrid Simulation Approach to face/analyze patient boarding in Emergency Departments -- 6 H. Jang et al., A Location Problem for Medically Under-served Areas in Korea -- 7 N. Lahrichi et al., A New Decomposition Approach for the Home Health Care Problem -- 8 D. Miller et al., A practical approach to machine learning for clinical decision support -- 9 M. Koyuncu et al., A Simulation Model for Optimizing Staffing in the Emergency Department -- 10 K. Karubeet al., Analysis of Facility Layout in Elderly Day Care Facility -- 11 D. Scheinker and M. Brandeau, Analytical Approaches to Operating Room Management: Projects at Lucile Packard Children's Hospital Stanford -- 12 Y. Chen et al., Appointment Overbooking and Scheduling: Tradeoffs between Schedule Efficiency and Timely Access to Service -- 13 C. Caprara et al., Crowding in Paediatric Emergency Department, a Review of the Literature and a Simulation-Based Case Study -- 14 M. Cildoz et al., Dealing with stress and workload in emergency departments -- 15 M. Painchaud et al., Discrete-Event Simulation of an Hospital Transportation Service -- 16 P. Cappanera et al., Empirical Data Driven Intensive Care Unit Drugs Inventory Policies -- 17 P. Mic and M. Koyuncu, Estimation of Case Numbers at Pandemics and Testing of Hospital Resource’s Sufficiency with Simulation Modeling -- 18 G. Carello et al., Handling Time-Related Demands in the Home Care Nurse-to-Patient Assignment Problem with the Implementor-Adversarial Approach -- 19 A. Guinet, How to protect a hospital against cyber attacks -- 20 A. Roshanghalb et al., Identifying ‘Hospital Effect’ on Performances for their Improvements: The Case of The HF Administrative Data -- 21 J-Y. Yu and K-L. Huang, Improving Emergency Medical Services with Time-Region-Specific Cruising Ambulances -- 22 Mining the patient flow through an Emergency Department to deal with overcrowding -- 23 G. Ielpa el al., Outpatient Day Service Operations: a Case Study within Rheumatology Diseases Management -- 24 W. Abo-Hamad, Patient pathways discovery and analysis using process mining techniques: An Emergency Department case study -- 25 F. Schäfer et al., Patient-Bed Allocation in Large Hospitals -- 26 P. Cappanera and M.G. Scutellà, Pattern generation policies to cope with robustness in Home Care -- 27 A. Stefanini et al., Service Reconfiguration in Healthcare Systems: the Case of a New Focused Hospital Unit -- 28 B Resta et al., Strategic Operations Management in Healthcare: a reference model for Cardiac Rehabilitation -- 29 J. Coton et al., User-centered development of an information system in patient’s motor capacity evaluation. 
520 |a This book presents statistical processes for health care delivery and covers new ideas, methods and technologies used to improve health care organizations. It gathers the proceedings of the Third International Conference on Health Care Systems Engineering (HCSE 2017), which took place in Florence, Italy from May 29 to 31, 2017. The Conference provided a timely opportunity to address operations research and operations management issues in health care delivery systems. Scientists and practitioners discussed new ideas, methods and technologies for improving the operations of health care systems, developed in close collaborations with clinicians. The topics cover a broad spectrum of concrete problems that pose challenges for researchers and practitioners alike: hospital drug logistics, operating theatre management, home care services, modeling, simulation, process mining and data mining in patient care and health care organizations. 
650 0 |a Statistics. 
650 0 |a Health care management. 
650 0 |a Health services administration. 
650 0 |a Public health. 
650 0 |a Data mining. 
650 0 |a Industrial engineering. 
650 0 |a Production engineering. 
650 1 4 |a Statistics. 
650 2 4 |a Statistics for Life Sciences, Medicine, Health Sciences. 
650 2 4 |a Industrial and Production Engineering. 
650 2 4 |a Public Health. 
650 2 4 |a Health Care Management. 
650 2 4 |a Data Mining and Knowledge Discovery. 
700 1 |a Cappanera, Paola.  |e editor. 
700 1 |a Li, Jingshan.  |e editor. 
700 1 |a Matta, Andrea.  |e editor. 
700 1 |a Sahin, Evren.  |e editor. 
700 1 |a Vandaele, Nico J.  |e editor. 
700 1 |a Visintin, Filippo.  |e editor. 
710 2 |a SpringerLink (Online service) 
773 0 |t Springer eBooks 
776 0 8 |i Printed edition:  |z 9783319661452 
830 0 |a Springer Proceedings in Mathematics & Statistics,  |x 2194-1009 ;  |v 210 
856 4 0 |u http://dx.doi.org/10.1007/978-3-319-66146-9  |z Full Text via HEAL-Link 
912 |a ZDB-2-SMA 
950 |a Mathematics and Statistics (Springer-11649)